| 000 | 00685nam a22002057a 4500 | ||
|---|---|---|---|
| 005 | 20251108164219.0 | ||
| 008 | 250721s2001 xx 000 0 ara d | ||
| 082 | 1 | 4 | _a327.1/عرب |
| 100 | 1 | _aالدجاني، أحمد صدقي | |
| 245 | 1 | 0 | _aالعرب و العالم / |
| 264 | 1 |
_aعمان : _bمؤسسة عبدالحميد شومان، _c2001. |
|
| 300 | _a205ص. | ||
| 650 | 1 | 7 | _aالعلاقات الدولية |
| 650 | 1 | 7 | _aالعلاقات العربية |
| 650 | 1 | 7 | _aعلاقات الصداقة بين الدول |
| 650 | 1 | 7 | _aالعلاقات الخارجية |
| 650 | 1 | 7 | _aالعلاقات الإقتصادية الدولية |
| 942 |
_2ddc _cBK |
||
| 999 |
_c6520 _d6520 |
||